000 00592nam a2200169 4500
008 060417s1978 cou eng
020 _a0916406997 : gift
090 _aBV1535.9
_b.P8
_bM27p
100 1 _aMagnet, Charles E.
245 1 0 _aPuppets dialogues :
_b24 Bible stories to be told with puppets /
_cCharles E. Magnet.
260 _aDenver :
_bAccent Books,
_cc1978.
300 _a120 p. :
_billus.
650 4 _aBible plays.
650 4 _aPuppet plays.
650 4 _aPuppet theater in Christian education.
951 _p29359
_x00032747
_oBV1535.9/.P8/M27p
_j070613111550765
_d2000-12-21
_cGC
999 _c26468
_d26468